2024 Formula 1 Circuits Map Quiz - Statistics

General Stats
  • This quiz has been taken 4,462 times
    3,210 since last reset
  • The average score is 16 of 24
Answers on the Map
Answers color-coded by a green-red scale on the quiz's map according to % correct below.
 
Answer Stats
Answer % Correct
Shanghai International Circuit
86%
Suzuka International Racing Course
86%
Albert Park Circuit
84%
Miami International Autodrome
82%
Silverstone Circuit
77%
Circuit de Barcelona-Catalunya
73%
Circuit Gilles Villeneuve
71%
Las Vegas Street Circuit
71%
Circuit Zandvoort
70%
Jeddah Corniche Circuit
70%
Autódromo Hermanos Rodríguez
68%
Circuit of the Americas
67%
Hungaroring
67%
Interlagos Circuit
66%
Baku City Circuit
64%
Circuit de Monaco
64%
Bahrain International Circuit
61%
Marina Bay Street Circuit
58%
Circuit de Spa-Francorchamps
57%
Monza Circuit
57%
Red Bull Ring
54%
Imola Circuit
53%
Yas Marina Circuit
51%
Lusail International Circuit
44%
No matching quizzes found
Score Distribution
Percent of People with Each Score
Percentile by Number Answered
Your Score History
You have not taken this quiz since the last reset